000 00360cam a2200145ua 4500
003 OSt
008 230320b |||||||| |||| 00| 0 eng d
041 _aeng
082 _a627.86
_bASP/AS
245 _aAphaltic concrete reservoirs /
250 _a1 /
260 _aNew Delhi :
_bCentral Board of Irrigation and Power (CBIP).
300 _a98 ; .
942 _cBK
999 _c5730
_d5730